Some aspects of the principal Sufi orders in India / (Record no. 20290)

MARC details
000 -LEADER
fixed length control field 00946cam a2200313 a 4500
001 - CONTROL NUMBER
control field 3365023
003 - CONTROL NUMBER IDENTIFIER
control field BDDh-ASL
005 - DATE AND TIME OF LATEST TRANSACTION
control field 20231015025852.0
008 - FIXED-LENGTH DATA ELEMENTS--GENERAL INFORMATION
fixed length control field 860523s1985 bg b f001 0 eng
010 ## - LIBRARY OF CONGRESS CONTROL NUMBER
LC control number 86900986
020 ## - INTERNATIONAL STANDARD BOOK NUMBER
Terms of availability Tk35.00 ($2.50 U.S.)
025 ## - OVERSEAS ACQUISITION NUMBER
Overseas acquisition number B E 4353
040 ## - CATALOGING SOURCE
Original cataloging agency DLC
Transcribing agency DLC
Modifying agency DLC
-- BDDh-ASL
043 ## - GEOGRAPHIC AREA CODE
Geographic area code a-ii---
050 00 - LIBRARY OF CONGRESS CALL NUMBER
Classification number BP188.8.I4
Item number H36 1985
082 00 - DEWEY DECIMAL CLASSIFICATION NUMBER
Classification number 297.65
Edition number 19
Item number MUS
100 1# - MAIN ENTRY--PERSONAL NAME
Personal name Haq, Muhammad Muzammil,
Dates associated with a name 1929-
245 10 - TITLE STATEMENT
Title Some aspects of the principal Sufi orders in India /
Statement of responsibility, etc. Muhammad Muzammil Haq.
250 ## - EDITION STATEMENT
Edition statement 1st ed.
260 ## - PUBLICATION, DISTRIBUTION, ETC.
Place of publication, distribution, etc. Dhaka :
Name of publisher, distributor, etc. Islamic Foundation Bangladesh,
Date of publication, distribution, etc. 1985.
300 ## - PHYSICAL DESCRIPTION
Extent 225 p. ;
Dimensions 22 cm.
490 1# - SERIES STATEMENT
Series statement I.F. publications ;
Volume/sequential designation 1232
500 ## - GENERAL NOTE
General note Includes indexes.
504 ## - BIBLIOGRAPHY, ETC. NOTE
Bibliography, etc. note Bibliography: p. [183]-[191]
650 #0 - SUBJECT ADDED ENTRY--TOPICAL TERM
Topical term or geographic name entry element Sufism
Geographic subdivision India
General subdivision History.
830 #0 - SERIES ADDED ENTRY--UNIFORM TITLE
Uniform title I.F. publication ;
Volume/sequential designation 1232.
906 ## - LOCAL DATA ELEMENT F, LDF (RLIN)
a 7
b cbc
c orignew
d 3
e ncip
f 19
g y-gencatlg
942 ## - ADDED ENTRY ELEMENTS (KOHA)
Source of classification or shelving scheme Dewey Decimal Classification
Koha item type Books
Holdings
Withdrawn status Lost status Source of classification or shelving scheme Damaged status Not for loan Collection code Home library Current library Shelving location Date acquired Source of acquisition Total Checkouts Full call number Barcode Date last seen Copy number Price effective from Koha item type
    Dewey Decimal Classification     Non-fiction Asiatic Society Library Asiatic Society Library General Stacks 12/29/2020 ASB Collection   297.65 MUS 103702 12/29/2020 C-1 12/29/2020 Books

Powered by Koha